Detalles MARC
| 000 -CABECERA |
| campo de control de longitud fija |
00910nam a2200241 a 4500 |
| 001 - NÚMERO DE CONTROL |
| campo de control |
000043860 |
| 005 - FECHA Y HORA DE LA ÚLTIMA TRANSACCIÓN |
| campo de control |
20201002045018.0 |
| 008 - DATOS DE LONGITUD FIJA--INFORMACIÓN GENERAL |
| campo de control de longitud fija |
140507s1996 sp ac 001 0 spa d |
| 020 ## - NÚMERO INTERNACIONAL ESTÁNDAR DEL LIBRO |
| Número Internacional Estándar del Libro |
8487737161 |
| 040 ## - FUENTE DE LA CATALOGACIÓN |
| Centro catalogador/agencia de origen |
DO-SdBNP |
| Lengua de catalogación |
spa |
| Centro/agencia transcriptor |
BNPHU |
| 090 ## - LOCALMENTE ASIGNADO TIPO-LC NÚMERO DE CLASIFICACIÓN (OCLC); NÚMERO DE CLASIFICACIÓN LOCAL (RLIN) |
| Número de clasificación (OCLC) (R) ; Numero de clasificación, CALL (RLIN) (NR) |
zzz |
| Número cutter local (OCLC) ; Número de libro/Signatura topográfica íntegra, CALL (RLIN) |
zzz |
| 111 2# - ENTRADA PRINCIPAL--NOMBRE DE CONGRESO/REUNIÓN |
| Nombre de congreso/reunión o jurisdicción como elemento de entrada |
Semana Internacional de Cine de Valladolid |
| Número del congreso/reunión o número de parte o sección |
(14 : |
| Fecha del congreso/reunión |
1996 : |
| Sede del congreso/Lugar de la reunión |
España ) |
| 9 (RLIN) |
71731 |
| 245 10 - MENCIÓN DE TÍTULO |
| Título |
Cine Australiano : |
| Resto del título |
41 Semana Internacional de Cine de Valladolid / |
| Mención de responsabilidad, etc. |
Debi Enker, Graham Shirley, Scott Murray ; traducción, Denise o'Keeffe. |
| 260 ## - PUBLICACIÓN, DISTRIBUCIÓN, ETC. |
| Lugar de publicación, distribución, etc. |
Valladolid : |
| Nombre del editor, distribuidor, etc. |
Semana Internacional de Cine de Valladolid, |
| Fecha de publicación, distribución, etc. |
1996. |
| 300 ## - DESCRIPCIÓN FÍSICA |
| Extensión |
213 p. : |
| Otras características físicas |
il., retrs. ; |
| Dimensiones |
25 cm. |
| 500 ## - NOTA GENERAL |
| Nota general |
Incluye índice |
| 650 #4 - PUNTO DE ACCESO ADICIONAL DE MATERIA--TÉRMINO DE MATERIA |
| Término de materia o nombre geográfico como elemento de entrada |
Cine |
| Subdivisión geográfica |
Australia |
| 9 (RLIN) |
71732 |
| 650 #4 - PUNTO DE ACCESO ADICIONAL DE MATERIA--TÉRMINO DE MATERIA |
| Término de materia o nombre geográfico como elemento de entrada |
Productores y directores de cine |
| 9 (RLIN) |
71733 |
| 700 12 - PUNTO DE ACCESO ADICIONAL--NOMBRE DE PERSONA |
| Nombre de persona |
Enker, Debi |
| 9 (RLIN) |
71734 |
| 700 12 - PUNTO DE ACCESO ADICIONAL--NOMBRE DE PERSONA |
| Nombre de persona |
Shirley, Graham |
| 9 (RLIN) |
71735 |
| 700 12 - PUNTO DE ACCESO ADICIONAL--NOMBRE DE PERSONA |
| Nombre de persona |
Murray, Scott |
| 9 (RLIN) |
71736 |
| 700 12 - PUNTO DE ACCESO ADICIONAL--NOMBRE DE PERSONA |
| Nombre de persona |
o'Keeffe, Denise |
| Término indicativo de función/relación |
tr. |
| 9 (RLIN) |
71737 |